| 000 | nam a22 7a 4500 | ||
|---|---|---|---|
| 999 |
_c22286 _d22286 |
||
| 008 | 170123b xxu||||| |||| 00| 0 eng d | ||
| 020 | _a9780312406837 | ||
| 050 | _aPE 1404 .G68 2004 | ||
| 100 | _aGottschalk, Katherine | ||
| 245 |
_aThe Elements of Teaching Writing: _bA Resource for Instructors in all Disciplines/ _cKatherine Gottschalk and keith Hjortshoj |
||
| 260 |
_aBoston: _bBedford/St. Martin's, _c2004. |
||
| 300 |
_axii,180p.: _bill.; _c25cm. |
||
| 521 | _aIncludes index. | ||
| 650 | _aReport Writing--Study and Teaching. | ||
| 700 | _aHjortshoj, Keith | ||
| 942 |
_2lcc _cBOOKS _hPE 1404 .G68 2004 |
||